Detalles MARC
| 000 -LEADER |
| campo de control de longitud fija |
02426cam a22004814i 4500 |
| 003 - IDENTIFICADOR DE NÚMERO DE CONTROL |
| campo de control |
PE-LiUPU |
| 005 - FECHA Y HORA DE LA ÚLTIMA TRANSACCIÓN |
| campo de control |
20250731173048.0 |
| 008 - DATOS DE LONGITUD FIJA--INFORMACIÓN GENERAL |
| campo de control de longitud fija |
171228s2015 r 000 0 spa d |
| 020 ## - NÚMERO INTERNACIONAL ESTÁNDAR DEL LIBRO |
| Número Internacional Estándar del Libro |
9783727817755 |
| Información calificativa |
Academic Press |
| 020 ## - NÚMERO INTERNACIONAL ESTÁNDAR DEL LIBRO |
| Número Internacional Estándar del Libro |
9783525544006 |
| Información calificativa |
Vandenhoeck & Ruprecht |
| 035 ## - NÚMERO DE CONTROL DEL SISTEMA |
| Número de control de sistema |
(Sirsi) a240835 |
| 082 04 - NÚMERO DE LA CLASIFICACIÓN DECIMAL DEWEY |
| Número de clasificación |
220.93 |
| Cutter |
K61 |
| Número de edición |
22 |
| 100 1# - ENTRADA PRINCIPAL--NOMBRE DE PERSONA |
| Nombre de persona |
Kletter, Raz, |
| Término indicativo de función/relación |
autor. |
| 245 ## - MENCIÓN DEL TÍTULO |
| Título |
Yavneh II : |
| Resto del título |
the 'Temple Hill' repository pit : fire pans, kernos, naos, painted stands, 'plain' pottery, cypriot pottery, inscribed bowl, dog bones, stone fragments, and other studies / |
| Mención de responsabilidad, etc. |
Raz Kletter, Irit Ziffer, Wolfgang Zwickel . |
| 264 #1 - PRODUCCIÓN, PUBLICACIÓN, DISTRIBUCIÓN, FABRICACIÓN Y COPYRIGHT |
| Producción, publicación, distribución, fabricación y copyright |
Fribourg, Schweiz : |
| Nombre del de productor, editor, distribuidor, fabricante |
Academic Press ; |
| Producción, publicación, distribución, fabricación y copyright |
Göttingen : |
| Nombre del de productor, editor, distribuidor, fabricante |
Vandenhoeck & Ruprecht, |
| Fecha de producción, publicación, distribución, fabricación o copyright |
[2015] |
| 300 ## - DESCRIPCIÓN FÍSICA |
| Extensión |
xiii, 288 páginas : |
| Otras características físicas |
Ilustraciones ; |
| Dimensiones |
33 centímetros. |
| 336 ## - TIPO DE CONTENIDO |
| Término de tipo de contenido |
text |
| Fuente |
rdacontent |
| 337 ## - TIPO DE MEDIO |
| Nombre/término del tipo de medio |
unmediated |
| Fuente |
rdamedia |
| 338 ## - TIPO DE SOPORTE |
| Nombre/término del tipo de soporte |
volume |
| Fuente |
rdacarrier |
| 490 0# - MENCIÓN DE SERIE |
| Mención de serie |
Orbis biblicus et orientalis. Series archaeologica, |
| Número Internacional Normalizado para Publicaciones Seriadas |
1015-1850 ; |
| Designación de volumen o secuencia |
36 |
| 504 ## - NOTA DE BIBLIOGRAFÍA, ETC. |
| Nota de bibliografía, etc. |
Bibliografía al final de cada tema. |
| 504 ## - NOTA DE BIBLIOGRAFÍA, ETC. |
| Nota de bibliografía, etc. |
Índice : páginas 274-288. |
| 505 0# - NOTA DE CONTENIDO CON FORMATO |
| Nota de contenido con formato |
The Yavneh fire pans and the biblical mahtah -- Experiment with replicas of fire pans -- A kernos -- A clay shrine model -- Zoomorphic vessels -- Round painted pottery stands -- The plains pottery: Typological and achaeological aspects -- Additional petrographic analysis -- Cypriot pottery -- Dog remains -- Animal representation in the Yavneh cults stands -- A dedicatory inscription -- The stone objects -- The world of cult stands -- Supplementary notes on the stands -- Favissae in Israel/Palestine -- Cult and trade in Yavneh through the study of organic residues -- Conclusions: Yavneh, incense, votive objects and philistine ethnicity. |
| 526 ## - NOTA DE INFORMACIÓN SOBRE EL PROGRAMA DE ESTUDIO |
| Nombre del programa |
Segunda Especialidad En Profecías Bíblicas |
| 526 ## - NOTA DE INFORMACIÓN SOBRE EL PROGRAMA DE ESTUDIO |
| Nombre del programa |
Segunda Especialidad En Nuevo Testamento |
| 526 ## - NOTA DE INFORMACIÓN SOBRE EL PROGRAMA DE ESTUDIO |
| Nombre del programa |
Segunda Especialidad En Antiguo Testamento |
| 526 ## - NOTA DE INFORMACIÓN SOBRE EL PROGRAMA DE ESTUDIO |
| Nombre del programa |
Segunda Especialidad En Estudios Adventistas |
| 526 ## - NOTA DE INFORMACIÓN SOBRE EL PROGRAMA DE ESTUDIO |
| Nombre del programa |
Doctorado en teología |
| 526 ## - NOTA DE INFORMACIÓN SOBRE EL PROGRAMA DE ESTUDIO |
| Nombre del programa |
Maestría en teología histórica |
| 526 ## - NOTA DE INFORMACIÓN SOBRE EL PROGRAMA DE ESTUDIO |
| Nombre del programa |
Maestría en teología bíblica |
| 526 ## - NOTA DE INFORMACIÓN SOBRE EL PROGRAMA DE ESTUDIO |
| Nombre del programa |
Maestría en teología |
| 526 ## - NOTA DE INFORMACIÓN SOBRE EL PROGRAMA DE ESTUDIO |
| Nombre del programa |
Maestría en misionología |
| 526 ## - NOTA DE INFORMACIÓN SOBRE EL PROGRAMA DE ESTUDIO |
| Nombre del programa |
Maestría en liderazgo eclesiástico |
| 526 ## - NOTA DE INFORMACIÓN SOBRE EL PROGRAMA DE ESTUDIO |
| Nombre del programa |
Teología |
| 596 ## - |
| -- |
1 |
| 650 04 - PUNTO DE ACCESO ADICIONAL DE MATERIA--TÉRMINO DE MATERIA |
| Término de materia o nombre geográfico como elemento de entrada |
Archaeology and history. |
| 650 04 - PUNTO DE ACCESO ADICIONAL DE MATERIA--TÉRMINO DE MATERIA |
| Término de materia o nombre geográfico como elemento de entrada |
Arqueología y historia. |
| 650 04 - PUNTO DE ACCESO ADICIONAL DE MATERIA--TÉRMINO DE MATERIA |
| Término de materia o nombre geográfico como elemento de entrada |
Israel |
| 910 ## - DATOS DE OPCIÓN DEL USUARIO (OCLC) |
| Datos de opción del usuario |
dbm |
| -- |
ebj |
| -- |
ebj |
| -- |
20171228 |
| 942 ## - ELEMENTOS DE ENTRADA SECUNDARIOS (KOHA) |
| Fuente del sistema de clasificación o colocación |
Clasificación Decimal Dewey |
| Tipo de ítem Koha |
|
| 999 ## - NÚMEROS DE CONTROL DE SISTEMA (KOHA) |
| -- |
DEWEY |
| -- |
77860 |
| -- |
2021-11-9 |
| -- |
4 |
| -- |
CCODEBUL1 |
| -- |
BUL |
| -- |
160.00 |
| -- |
1 |
| -- |
0 |
| -- |
Y |
| -- |
BOOK |
| -- |
2017-12-28 |
| -- |
TEOLOGIA |
| -- |
P85 |
| -- |
COMPRA |
| -- |
.STAFF. Colección Teología |
| 980 ## - EQUIVALENCIA O REFERENCIA-CRUZADA-MENCIÓN DE SERIE--NOMBRE DE PERSONA/TÍTULO [LOCAL, CANADÁ] |
| ID del último usuario que modificó el registro |
1 |
| Nombre del último usuario que modificó el registro |
ALBERTO SANCHEZ Responsable de Automatización |